| 000 | 00341nam a2200109Ia 4500 | ||
|---|---|---|---|
| 008 | 180219s9999 xx 000 0 und d | ||
| 020 | _a9789712360046 | ||
| 100 | _aDe Leon, Hector S. | ||
| 245 |
_cDe Leon, Hector M. Jr, _aThe law on obligations and contracts / |
||
| 260 |
_aRecto Avenue City _bREX book store _c2011 |
||
| 300 | _aiii, 465 pages | ||
| 999 |
_c355952 _d355952 |
||